000 00601nam a22001817a 4500
999 _c188298
_d188298
005 20220713105503.0
010 _aENG-132653
020 _a9789382281344
_c550.00
035 _aEN-116185
037 _bDBAD/PUB
082 _a327.54058104
100 _aRaja, M. Waseem
245 _aIndo-Afghan Diplomacy:
_bA British India Colonial Perspective/
_cM. Waseem Raja
260 _aNew Delhi
_bRaj Publications
_c2015
270 _bNew Delhi
_a108, 4855/24, Ansari Road
_e110009
_mrajpublications@yahoo.co.in
300 _a198p.
_bIndex
_c22cm(hbk)
942 _2ddc
_cEN
_h327.54058104
_mRAJ